Normal view MARC view
  • Association of Ambulance Chief Executives (Great Britain)

Entry Corporate Name

Number of records used in: 2

001 - CONTROL NUMBER

  • control field: 4641

003 - CONTROL NUMBER IDENTIFIER

  • control field: CBULib

005 - DATE AND TIME OF LATEST TRANSACTION

  • control field: 20250626122006.0

008 - FIXED-LENGTH DATA ELEMENTS

  • fixed length control field: 250626|| aca||aabn | a|a d

040 ## - CATALOGING SOURCE

  • Original cataloging agency: CBULib

110 ## - HEADING--CORPORATE NAME

  • Corporate name or jurisdiction name as entry element: Association of Ambulance Chief Executives (Great Britain)